Total recal superzábava nielen pre voľné chvíle

Bibliographic Details
Format: Journal
Language:Slovak
PhysicalDescription:1 zv. 30 cm
Published: Prievidza ATO-STAR - Zuzana Mihályová 2006
ISSN:1336-8303
Subjects:

MARC

LEADER 00000cas a2200000 a 4500
001 vtls008773522
003 SK-MaSNL
005 20260228161055.0
008 060615d20062006xo mr|p 0 b0slo
022 |a 1336-8303 
040 |a SVKPO  |b slo  |c SVKPO  |d SNK  |e AACR2 
041 0 |a slo 
044 |a xo  |c SK 
072 7 |a 82-1/-8  |x Literatúra rôznych foriem a žánrov (o nej)  |2 konspekt 
072 7 |a 79  |x Rekreácia. Voľný čas. Zábavy. Hry. Šport  |2 konspekt 
080 |a 398.23  |2 2011 
080 |a 82-7  |2 2011 
080 |a 79  |2 2011 
080 |a 379.8(051)  |2 2011 
080 |a (0:82-845)  |2 2001 
080 |a 050  |2 2011 
210 0 |a Total recal 
222 0 |a Total recal 
245 0 0 |a Total recal  |b superzábava nielen pre voľné chvíle 
260 |a Prievidza  |b ATO-STAR - Zuzana Mihályová  |c 2006 
300 |a 1 zv.  |c 30 cm 
310 |a 1x mesačne 
362 0 |a Roč. 1, č. 1 (2006)-roč. 1, č. 4 (2006) 
500 |a Registračné č.: RČ 3498/2006 
500 |a Podnázov v tiráži: slovenský humoristický mesačník 
650 0 7 |a humor  |2 SNKPH  |9 1763 
650 0 7 |a zábava  |2 SNKPH  |9 3354 
655 7 |a vtipy  |2 SNKPH  |9 70420 
655 7 |a časopisy pre voľný čas  |2 SNKPH  |9 70337 
850 |a Štátna vedecká knižnica v Prešove 
852 |a Štátna vedecká knižnica v Banskej Bystrici 
910 |a snk 
999 |c 4229  |d 6159 
952 |0 0  |1 0  |4 0  |7 0  |8 0  |a SNK  |b SNK  |d 2019-09-03  |i snk2019/21834  |l 0  |o snkČSB 7254/1/2006  |p 17A1382742  |r 2026-02-21 22:29:15  |t č. 1-4  |w 2026-02-21  |y PREZ 
952 |0 0  |1 0  |4 0  |7 0  |8 0  |a SNK  |b SNK  |d 2019-09-03  |i snk2019/21835  |l 0  |o snkČSB 7254/1/2006 D1  |p 17A1382743  |r 2026-02-21 22:29:15  |t č. 1-4  |w 2026-02-21  |y PREZ